New Zealand Multiple Choice - Statistics

General Stats
  • This quiz has been taken 73 times
  • The average score is 10 of 15
Answer Stats
Question Answer % Correct
New Zealand was the first country to…? Give women the right to vote
100%
Funny fact about most native birds Many are flightless
100%
Name of New Zealand in above language Aotearoa
75%
Current Prime Minister Jacinda Ardern
75%
Native People Maori
75%
Tallest Mountain Mt Cook
75%
National Sport Rugby
75%
Capital Wellington
75%
Year that the Treaty of Waitangi was signed 1840
50%
Empire New Zealand was under British
50%
National Anthem Name God Defend New Zealand
50%
Largest Lake Lake Taupo
50%
Largest Island South Island
50%
Population (nearest million) 5 Million
25%
Closest country to New Zealand Australia
25%
No matching quizzes found
Score Distribution
Percent of People with Each Score
Percentile by Number Answered
Your Score History
You have not taken this quiz